Atención a la diversidad cultural del alumnado : (Record no. 203744)

MARC details
000 -CABECERA
campo de control de longitud fija 01835cab a2200277 ab4500
005 - FECHA Y HORA DE LA ÚLTIMA TRANSACCIÓN
campo de control 20250304135740.0
008 - ELEMENTOS DE LONGITUD FIJA--INFORMACIÓN GENERAL
campo de control de longitud fija 991125c2017 sp fr p o 000 0 spa d
035 ## - NÚMERO DE CONTROL DEL SISTEMA
Número de control de sistema UPN01000231649
040 ## - FUENTE DE LA CATALOGACIÓN
Centro catalogador/agencia de origen MX-MxUPN
Lengua de catalogación spa
Centro/agencia transcriptor MX-MxUPN
Normas de descripción aacr2
049 ## - COLECCIÓN
Colección ART-E
100 1# - ASIENTO PRINCIPAL--NOMBRE PERSONAL
Nombre de persona Verdeja, María
Enlace - verdejamaria@uniovi.es
245 10 - MENCIÓN DE TÍTULO
Título Atención a la diversidad cultural del alumnado :
Resto del título un recorrido por leyes de educación de ámbito español
506 0# - NOTA DE RESTRICCIONES AL ACCESO
Limitaciones de acceso Acceso abierto
520 3# - NOTA DE RESUMEN, ETC.
Sumario, etc. Desde el punto de vista político, la atención a la diversidad cultural del alumnado es uno de los retos de las sociedades del siglo xxi. Realizamos un recorrido por las diferentes leyes de educación en el ámbito español comenzando nuestro recorrido por la lge y terminando el mismo con la lomce. El propósito de realizar tal recorrido es ofrecer una sintética perspectiva histórica que nos permita tomar consciencia del carácter ideológico y político de la educación al que Freire (1921-1997) en tantas ocasiones hizo referencia. Me propongo realizar una revisión de la política educativa que ha tenido lugar en nuestro país con el objetivo de analizar el tratamiento de la atención a la diversidad cultural del alumnado mencionando, también, aspectos ideológicos y retos educativos del momento. RIEJS
650 #4 - ASIENTO SECUNDARIO DE MATERIA - TERMINO TEMATICO
Término de materia o nombre geográfico como elemento de entrada Pluralismo cultural
9 (RLIN) 47427
650 #2 - ASIENTO SECUNDARIO DE MATERIA - TERMINO TEMATICO
Término de materia o nombre geográfico como elemento de entrada Justicia social
9 (RLIN) 15413
653 0# - TERMINO DE INDIZACION - NO CONTROLADO
Término no controlado Atención a la diversidad
653 0# - TERMINO DE INDIZACION - NO CONTROLADO
Término no controlado Legislación educativa
653 0# - TERMINO DE INDIZACION - NO CONTROLADO
Término no controlado Políticas públicas
773 ## - ENLACE AL DOCUMENTO FUENTE/ENTRADA DE REGISTRO ANFITRIÓN
Parte(s) relacionada(s) Vol. 6, no. 1 (2017), p. 367-382
Título RIEJS: revista internacional de educación para la justicia social
Número Internacional Normalizado para Publicaciones Seriadas 2254-3139
856 4# - LOCALIZACIÓN Y ACCESO ELECTRÓNICOS
Identificador Uniforme del Recurso <a href="https://revistas.uam.es/riejs/article/view/7672/7960">https://revistas.uam.es/riejs/article/view/7672/7960</a>
856 4# - LOCALIZACIÓN Y ACCESO ELECTRÓNICOS
Identificador Uniforme del Recurso <a href="https://doi.org/10.15366/riejs2017.6.1.021">https://doi.org/10.15366/riejs2017.6.1.021</a>
902 ## - ELEMENTOS DE DATOS B LOCAL, LDB (RLIN)
Creó Leonor Sotres/040325
905 ## - TIPO DE MATERIAL
Tipo de material Articulo
942 ## - ELEMENTOS DE PUNTO DE ACCESO ADICIONAL (KOHA)
Tipo de ítem Koha Artículo Electrónico
Fuente del sistema de clasificación o colocación Library of Congress Classification
Holdings
Estado de retiro Estado de pérdida Estado dañado No para préstamo Código de colección Localización permanente Ubicación/localización actual Ubicación en estantería Fecha de adquisición Total de préstamos Fecha visto por última vez Identificador Uniforme del Recurso Precio válido a partir de Tipo de ítem Koha
        Acceso abierto Bib. Gregorio Torres Quintero Bib. Gregorio Torres Quintero En línea 04/03/2025   04/03/2025 https://revistas.uam.es/riejs/article/view/7672/7960 04/03/2025 Artículo Electrónico